000 00671nam a2200193 a 4500
003 AM-YEHGA
040 _aAM-YeHGA
090 _c458042
001 000279975
005 20250618075336.0
008 031105s1934 ai 000 | arm d
041 0 _aarm
100 1 _aՀովհաննիսյան, Արսեն Աբրահամի,
_d1908-1945
_92629
245 1 0 _aԿարմիր տախտակի վրա :
_bՈչերկներ /
_cԱ. Հովհաննիսյան.
260 _aՌոստով-Դոն :
_bԱզով-Սևծովյան երկրային հրատ,
_c1934.
300 _a59 էջ ;
_c21 սմ.
650 1 4 _aՀայ գրականություն
_xԱկնարկ
_94573
942 _2udc
_cBK
999 _c455042
_d455042